000 00332nam a2200121Ia 4500
008 240731s9999 xx 000 0 und d
022 _a1939-3229
245 0 _aFood Additives & Contaminants: Part B : Surveillance
260 _bTaylor & Francis
856 _uhttps://www.tandfonline.com/loi/tfab20
942 _2ddc
942 _cTFEJ
999 _c76641
_d76641
945 _a1
_bMadushi Gamage
_c1
_dMadushi Gamage